000 00629nam a2200265Ia 4500
005 20260306163602.0
008 008 260114s9999 xx 000 0 eng d
020 _a9781479802210
037 _aEBOOK
040 _aCRL
040 _beng
040 _cCRL
041 _2eng
041 _aeng
084 _qCRL
100 _aCote
_91128938
245 0 _aGaming Sexism: Gender And Identity In The Era Of Casual Video Games
260 _bNYU Press
260 _c2021
650 _aSocial Work
856 _uhttps://academic.oup.com/book/37687
942 _cEBOOK
999 _c1710693
_d1710693